000 00238nam a2200109 4500
001 3557
090 _a3557
100 _a20190723b u||y0fre||u0ba y50
200 _aLutte politique
_bPériodique
210 _aLa Chaux de Fonds
801 _aCH
_bCH-002049-8
955 _r1